Poradenská psychológia a jej využitie v praxi

Saved in:
Bibliographic Details
Main Author Kolektív, autorov
Other Authors Hana Smitková
Format Electronic eBook
LanguageCzech
Published Grada SK 2024
Edition1. elektronické vydání
Subjects
Online AccessDostupné v BOOKPORT po přihlášení pomocí eduID
ISBN978-80-8090-786-0
978-80-8090-784-6
Physical Description1 online zdroj (368 stran)

Cover

LEADER 00000nam a2200000 i 4500
001 bkp100282
003 CZ-prgp
005 20240816122430.0
006 m o d
007 cr cn
008 240816s2024 xr o 000 0 cze
020 |a 978-80-8090-786-0  |c 733 Kč  |q (online ; epub) 
020 |a 978-80-8090-784-6  |c 862 Kč  |q (print) 
040 |a Grada  |b cze  |e rda 
100 1 |a Kolektív, autorov 
245 1 0 |a Poradenská psychológia a jej využitie v praxi  |c autorov Kolektív, Hana Smitková 
250 |a 1. elektronické vydání 
264 1 |b Grada SK  |c 2024 
300 |a 1 online zdroj (368 stran) 
336 |a text  |b txt  |2 rdacontent 
337 |a počítač  |b c  |2 rdamedia 
338 |a online zdroj  |b cr  |2 rdacarrier 
520 3 |a Kniha ponúka vôbec po prvý raz na Slovensku unikátny pohľad na viaceré odborné témy a psychologické prístupy využívané v poradenskej a psychoterapeutickej praxi ako napríklad terapia zameraná na emócie a procesorientovaná terapia. Svojim obsahom a prístupom posúva poradenskú psychológiu na aktuálnu expertnú úroveň. 
650 0 4 |a Psychologie 
650 0 4 |a Psychologie odborná 
700 1 |a Hana Smitková 
856 4 0 |u https://www.bookport.cz/AccountSaml/SignIn/?idp=https://shibboleth.utb.cz/idp/shibboleth&returnUrl=/kniha/poradenska-psychologia-a-jej-vyuzitie-v-praxi-12848/  |y Dostupné v BOOKPORT po přihlášení pomocí eduID